| 000 | 00397cam a22001457a 4500 | ||
|---|---|---|---|
| 008 | 180718b1977 xxu||||| |||| 00| 0 eng d | ||
| 020 | _a0 09 129161 5 | ||
| 082 | _aJ72 P912C | ||
| 100 | _aPred, Allan | ||
| 245 |
_aCity- Systems in advanced economics _cby Allan Pred |
||
| 260 |
_aLondon _bHutchinson _c1977 |
||
| 300 | _a256p | ||
| 650 | _aCities and towns --Growth. | ||
| 650 | _aUrban economics | ||
| 999 |
_c410039 _d410039 |
||